1100 1734 1982 1046 1313 1746 1624 1207 1271 1724 1869 1123 1379 1687 1571 1199 1026 1097 1255 1503 1234 1399 1486 1883 1845 1392 1898 1392 1883 1666 1085 1125 1798 1118 1366 1622 1871 1459 1627 1113 1949 1185 1021 1123 1656 1357 1654 1852 1706 1504 1592 1673 1146 1820 1474 1244 1438 1268 1006 1363 1181 1403 1204 1287 1225 1982 1917 1280 1786 1837 1032 1682 1510 1931 1342 1178 1014 1358 1836 1128 1436 1878 1763 1417 1257 1809 1334 1761 1441 1361 1985 1306 1121 1218 1310 1018 1456 1099 1054 BCNSPRNW ULIB Ver.6.0+V

เปลี่ยนเป็นภาษาไทย

Change to English
 แสดงรายละเอียดบรรณานุกรม
  กลับหน้าหลัก

Brief Record : Get Marc (ISO 2709) : E-mail record : QR code < ปิดหน้าต่าง
LEADER : 00000nam 2200000uu 4500
001    13399109218
003     ULIB
008    110324s2545||||th 000 0 tha d
020    9742944687
060 04 WA540.JT3^bป268ค 2545
245 00 30 ประเด็นสู่แผนพัฒนาสุขภาพแห่งชาติ ฉบับที่ 9 /^cโครงการตำรา สำนักนโยบายและแผนสาธารณสุข สำนักงานปลัดกระทรวงสาธารณสุข
260    นนทบุรี :^bโครงการตำราสำนักนโยบายและแผนสาธารณสุขกระทรวงสาธารณสุข,^c2545
300    740 หน้า ;^c26 ซม.
650  2 Health Policy
650  7 แผนพัฒนาสุขภาพแห่งชาติ
700 0  โกมาตร จึงเสถียรทรัพย์,^d2502- ,^eบรรณาธิการ
700 0  สุมาภรณ์ แซ่ลิ่ม,^eบรรณาธิการ
710 2  สำนักงานปลัดกระทรวงสาธารณสุข.^bโครงการตำราสำนักนโยบายและแผนสาธารณสุข
945    ^p500^l0^i016800
945    ^p500^l0^i015428
945    ^p500^l0^i015427
995    ทศพร
999 ^a ใช้งานได้ทุกระบบ
รายการนี้ยังไม่มีแท็ก
คุณยังไม่ได้ล็อกอิน คุณสามารถมีกิจกรรมร่วมกับเว็บไซต์ได้ แต่ต้องล็อกอินก่อน ::
  ล็อกอิน

รายการสื่อสารสนเทศ

ลำดับที่ ประเภท เลขเรียก/บาร์โค้ด สถานที่ สถานะ
- ไม่พบข้อมูล -

รายการใกล้เคียง
    หัวเรื่อง [Health Policy]
    หัวเรื่อง [แผนพัฒนาสุขภาพแห่งชาติ]

BibComment


ยังไม่เคยถูกคอมเมนท์

คอมเมนท์ทรัพยากรรายการนี้
  คอมเมนท์: 30 ประเด็นสู่แผนพ..


 Copyright 2026. Bcnsprnw @Library